Logo BPK

Biblioteka

Politechniki Koszalińskiej

From three-to two-dimensional magnetism of Fe = (Rekord nr 32833)

Szczegóły MARC
000 -ETYKIETA REKORDU
podpole kontrolne o stałej długości 01006nam a2200253 i 4500
001 - NUMER KONTROLNY REKORDU
pole kontrolne bg
040 ## - ŹRÓDŁO KATALOGOWANIA
Instytucja, która utworzyła rekord BPK
041 0# - KOD JĘZYKA
Kod języka tekstu en
Kod języka streszczenia lub abstraktu enpl
080 ## - UNIWERSALNA KLASYFIKACJA DZIESIĘTNA - UKD
UKD 669.1.017./018:537.6
008 - POLE O STAŁEJ DŁUGOŚCI - DANE KONTROLNE
podpole kontrolne o stałej długości s pl f |000 0 pol
100 1# - NAZWA OSOBOWA
Nazwa osobowa PRZYBYLSKI, Marek
245 00 - TYTUŁ/ODPOWIEDZIALNOŚĆ
Tytuł From three-to two-dimensional magnetism of Fe =
Ciąg dalszy tytułu Od trzy-do dwuwymiarowego magnetyzmu żelaza /
Pozostałe elementy strefy tytułu i oznaczenia odpowiedzialności Marek Przybylski.
246 0# - WARIANT TYTUŁU
Treść wyrażenia wprowadzającego Tyt. równol. :
Tytuł Od trzy-do dwuwymiarowego magnetyzmu żelaza
260 ## - STREFA ADRESU WYDAWNICZEGO
Miejsce wydania Kraków :
Nazwa wydawcy/dystrybutora Wydawnictwa AGH,
Data publikacji, dystrybucji/powstania dokumentu 1997.
300 ## - STREFA OPISU FIZYCZNEGO
Objętość 138, [2] s. :
Inne cechy fizyczne 2 fot., rys., wykr. ;
Rozmiary 24 cm.
490 1# - STREFA SERII I DOKUMENTU WIELOCZĘŚCIOWEGO - FORMA NIE DO WYSZUKIWANIA
Tytuł i oznaczenie odpowiedzialności serii Rozprawy, Monografie / Akademia Górniczo-Hutnicza im. S. Staszica,
ISSN 0867-6631 ;
Numeracja w obrębie serii 54
504 ## - UWAGA DOTYCZĄCA BIBLIOGRAFII
Informacje o bibliografii Bibliogr. s. 129-[139]. - Streszcz., summ.
650 #9 - HASŁO PRZEDMIOTOWE W FORMIE NAZWY OGÓLNEJ LUB JEDNOSTKOWEJ
Nazwa ogólna lub geograficzna Magnetyzm
Określnik ogólny badanie
650 #9 - HASŁO PRZEDMIOTOWE W FORMIE NAZWY OGÓLNEJ LUB JEDNOSTKOWEJ
Nazwa ogólna lub geograficzna Żelazo
Określnik ogólny badanie
650 #9 - HASŁO PRZEDMIOTOWE W FORMIE NAZWY OGÓLNEJ LUB JEDNOSTKOWEJ
Nazwa ogólna lub geograficzna Inżynieria powierzchni
710 0# - HASŁO DODATKOWE - NAZWA CIAŁA ZBIOROWEGO
Nazwa ciała zbiorowego lub jednostki geograficznej AKADEMIA GÓRNICZO-HUTNICZA im. S. Staszica (Kraków)
830 #0 - HASŁO DODATKOWE SERII LUB DOKUMENTU WIELOCZĘŚCIOWEGO - TYTUŁ UJEDNOLICONY
Tytuł ujednolicony Rozprawy, Monografie (Akademia Górniczo-Hutnicza im. S. Staszica) ;
Oznaczenie tomu 54
856 ## - LOKALIZACJA I DOSTĘP DO ELEKTRONICZNYCH DOKUMENTÓW ZDALNYCH
Link (URL) http://koha.tu.koszalin.pl/cgi-bin/koha/opac-detail.pl?biblionumber=32833
Tekst linku Katalog online BPK
942 ## - DODATKOWE ELEMENTY (KOHA)
Typ dokumentu Książka
Egzemplarze
Wycofany Status egzemplarza Uszkodzony Dostępność Lokalizacja stała Lokalizacja bieżąca Miejsce przechowywania Sygnatura Kod kreskowy Typ dokumentu
      Dostępny Biblioteka Politechniki Koszalińskiej Biblioteka Politechniki Koszalińskiej Wypożyczalnia BG 42340 01317800 Książka
© 2023 Biblioteka Politechniki Koszalińskiej :: KOHA